[Event "13th EICC"]
[Site "Plovdiv BUL"]
[Date "2012.03.22"]
[Round "3.76"]
[White "Khalifman,A"]
[Black "Diermair,A"]
[Result "1-0"]
[WhiteElo "2649"]
[BlackElo "2416"]

1.c4 c6 2.Nf3 d5 3.e3 Nf6 4.Nc3 e6 5.b3 Bd6 6.Bb2 O-O 7.d4 Nbd7 8.Qc2 e5
9.Be2 a6 10.h3 Re8 11.O-O-O e4 12.Nd2 Nf8 13.g4 Be6 14.Kb1 Rc8 15.f3 exf3
16.Bxf3 Qe7 17.g5 N6d7 18.h4 b5 19.c5 Bb8 20.e4 dxe4 21.Bxe4 Bf4 22.b4 a5
23.a3 axb4 24.axb4 Bg4 25.Rde1 Kh8 26.Nf3 Bxf3 27.Bxf3 Qxe1+ 28.Rxe1 Rxe1+
29.Ka2 Ne6 30.Ne2 Rf1 31.Bg4 Rf2 32.Bxe6 fxe6 33.Qe4 Rf8 34.Qxe6 Nb8 35.Nxf4 R2xf4
36.h5 Na6 37.Kb3 Rf3+ 38.Bc3 Nb8 39.h6 gxh6 40.d5+ Rxc3+ 41.Kxc3  1-0

[Event "13th EICC"]
[Site "Plovdiv BUL"]
[Date "2012.03.23"]
[Round "4.100"]
[White "Neverov,V"]
[Black "Sarbok,T"]
[Result "1/2-1/2"]
[WhiteElo "2544"]
[BlackElo "2349"]

1.c4 c6 2.d4 d5 3.Nf3 Nf6 4.Nc3 e6 5.Bg5 Be7 6.e3 Nbd7 7.Qc2 O-O 8.Rd1 Qa5
9.cxd5 cxd5 10.Bd3 Re8 11.O-O a6 12.Ne5 Nf8 13.f4 N6d7 14.Bxe7 Rxe7 15.e4 Nf6
16.Qb3 dxe4 17.Nxe4 Nxe4 18.Bxe4 Qb5 19.Qxb5 axb5 20.a3 f6 21.Nd3 Rb8 22.Rfe1 Kf7
23.d5 exd5 24.Bxd5+ Ke8 25.Rxe7+ Kxe7 26.Re1+ Kd8 27.Kf2 Bd7 28.Nc5 Bc6 29.Bxc6 bxc6
30.f5 Ra8 31.Re3 Ra7 32.Kf3 Rf7 33.g4 Kc7 34.Rd3 Nd7 35.Nxd7 Rxd7 36.Rxd7+ Kxd7
37.Ke4 Kd6 38.Kd4 c5+ 39.Ke4 Kc6 40.b3 Kd6 41.Kd3 Kc6 42.Kc3 Kb6 43.a4 Ka5
44.axb5 Kxb5 45.h3 h6 46.h4 Kc6 47.Kc4 h5 48.gxh5 Kd6 49.Kb5 Kd5 50.Kb6 Kd6
51.Kb5 Kd5 52.Kb6 Kd6 53.h6 gxh6 54.h5 Kd5 55.Kb5 Kd6 56.Kb6 Kd5 57.Kc7 Ke5
58.Kc6 Kxf5 59.Kxc5 Kg4 60.Kd4 f5 61.Ke3 Kg3 62.Ke2 Kg2 63.Ke3 Kg3  1/2-1/2

[Event "13th EICC"]
[Site "Plovdiv BUL"]
[Date "2012.03.23"]
[Round "4.131"]
[White "Stella,A"]
[Black "Boehnisch,M"]
[Result "1-0"]
[WhiteElo "2439"]
[BlackElo "2291"]

1.c4 c6 2.d4 d5 3.Nf3 Nf6 4.Nbd2 Bf5 5.Nh4 Be6 6.e3 g6 7.Be2 Bg7 8.O-O O-O
9.Nhf3 Bg4 10.b4 a5 11.b5 dxc4 12.Bxc4 Nd5 13.Bb2 a4 14.Rb1 Nb6 15.Be2 Be6
16.a3 cxb5 17.Bxb5 Nc6 18.Bxc6 bxc6 19.Qc2 Qd6 20.e4 Rfc8 21.Bc3 c5 22.d5 Bxc3
23.Qxc3 Bg4 24.Ne5 Be2 25.Rfe1 Ba6 26.Nc6 Rxc6 27.dxc6 Qxc6 28.Rec1 Nd7 29.f3 Qc7
30.Nc4 h5 31.Qa5 Qc6 32.Nb6 Qc7 33.Nc4 Qc6 34.Qd2 Bxc4 35.Rxc4 Ne5 36.Rcc1 c4
37.Qd4 Qd6 38.Qxd6 exd6 39.f4 Nd3 40.Rxc4 Nxf4 41.g3 Ne6 42.Rbc1 Nc5 43.e5 Re8
44.exd6  1-0

[Event "13th EICC"]
[Site "Plovdiv BUL"]
[Date "2012.03.23"]
[Round "4.154"]
[White "Manea,Al"]
[Black "Stamnov,A"]
[Result "1-0"]
[WhiteElo "2381"]
[BlackElo "2184"]

1.c4 c6 2.d4 d5 3.Nf3 Nf6 4.g3 dxc4 5.Bg2 g6 6.O-O Bg7 7.Na3 b5 8.Ne5 Qb6
9.e4 h5 10.h3 Nbd7 11.Be3 Qc7 12.f4 a6 13.b3 c3 14.b4 a5 15.Qb3 O-O 16.Nxg6 axb4
17.Nxe7+ Kh8 18.Nc2 Nc5 19.dxc5 Qxe7 20.Nxb4 Nxe4 21.Nxc6 Qe8 22.Ne5 Be6
23.Qd1 Nxg3 24.Re1 Rd8 25.Qf3 h4 26.Bf2 c2 27.Rac1 Rd2 28.Bxg3 hxg3  1-0

[Event "ch-VIE Women 2012"]
[Site "Can Tho VIE"]
[Date "2012.03.24"]
[Round "9"]
[White "Nguyen Thi Thanh An"]
[Black "Nguyen Thi Mai Hung"]
[Result "1/2-1/2"]
[WhiteElo "2292"]
[BlackElo "2259"]

1.c4 c6 2.Nc3 d5 3.d4 Nf6 4.Nf3 e6 5.cxd5 exd5 6.Bg5 Be7 7.e3 Bg4 8.Bd3 Nbd7
9.Qc2 Qc7 10.a3 a6 11.Rc1 h6 12.Bh4 O-O 13.h3 Bxf3 14.gxf3 Rfe8 15.O-O Rad8
16.Kh1 Qb8 17.Rg1 c5 18.Ne2 c4 19.Bf5 b5 20.Rg2 Kf8 21.Qd2 Ng8 22.Bxe7+ Nxe7
23.Bxd7 Rxd7 24.Rgg1 Nf5 25.Qc2 g6 26.Nf4 Ke7 27.Qc3 Qb7 28.Qb4+ Kd8 29.Qc3 Nh4
30.Rg3 Nf5 31.Rg2 Nh4 32.Rg3  1/2-1/2

[Event "Caissa IM March 2012"]
[Site "Kecskemet HUN"]
[Date "2012.03.24"]
[Round "9.3"]
[White "Meszaros,Gyu"]
[Black "Lorparizangeneh,S"]
[Result "1/2-1/2"]
[WhiteElo "2273"]
[BlackElo "2170"]

1.c4 c6 2.Nf3 d5 3.g3 dxc4 4.Bg2 Qd5 5.O-O Nf6 6.Nc3 Qh5 7.b3 e5 8.bxc4 e4
9.Nd4 Na6 10.d3 Bh3 11.Nxe4 Nxe4 12.Bxe4 Bxf1 13.Qxf1 Qe5 14.Be3 Bc5 15.Nxc6 bxc6
16.Bxc6+ Ke7 17.d4 Bxd4 18.Bxd4 Qxd4 19.Rd1 Qe5 20.Rd7+ Kf6 21.Rd5 Qe6 22.Qa1+ Kg6
23.Bd7 Qf6 24.Qd1 Nc7 25.Qd3+ Kh6 26.Rd6 Ne6 27.Bxe6 fxe6 28.Qe3+ Qg5 29.f4 Qf5
30.Rxe6+ g6 31.Re5 Qb1+ 32.Kf2 Rhf8 33.f5+ g5 34.Re6+ Kg7 35.Re7+ Rf7 36.f6+ Kg6
37.Rxf7 Kxf7 38.Qe7+ Kg6 39.g4 Qb6+ 40.Kg2 Qc6+ 41.Kg1 Qb6+ 42.c5 Qxf6 43.Qe4+ Kh6
44.Qxa8 Qd4+ 45.Kf1 Qd1+ 46.Kf2 Qd4+ 47.Kg3 Qxc5 48.Qf3 Kg7 49.Kg2 Qc4 50.a3 a5
51.h3 a4 52.Qd3 Qc6+ 53.Kf2 Qf6+ 54.Qf5 Qd4+ 55.Kf3 h6 56.Qd3 Qf4+ 57.Kg2 Qe5
58.e3 Qb2+ 59.Kf3 Qh2 60.Qd4+ Kg6 61.Ke4 Qxh3 62.Ke5 Qh2+ 63.Ke6 Qa2+ 64.Ke7  1/2-1/2

[Event "10th Red River Shootout 2012"]
[Site "Davis USA"]
[Date "2012.03.25"]
[Round "1.2"]
[White "Veal,J"]
[Black "Green,Au"]
[Result "0-1"]
[WhiteElo "1977"]
[BlackElo "2058"]

1.c4 c6 2.g3 d5 3.Bg2 Nf6 4.Nf3 e6 5.O-O Be7 6.Qc2 O-O 7.b3 c5 8.cxd5 exd5
9.d4 b6 10.Bb2 Bb7 11.Nbd2 Nbd7 12.Rac1 Rc8 13.Qb1 Re8 14.Rfe1 Bf8 15.e3 Ne4
16.Nxe4 dxe4 17.Nd2 f5 18.Red1 Ba6 19.Bf1 Bxf1 20.Kxf1 Qg5 21.Nc4 Qh5 22.h4 f4
23.exf4 e3 24.Nxe3 Rxe3 25.fxe3 Qf3+ 26.Kg1 Qxg3+ 27.Kh1 Qh3+ 28.Kg1 Qxe3+
29.Kh1 Qh3+ 30.Kg1 Qg3+ 31.Kh1 Qxh4+ 32.Kg2 Qg4+ 33.Kh1 Qh3+ 34.Kg1 Qg3+
35.Kh1 Rc6  0-1

[Event "TCh-HUN 2011-12"]
[Site "Kecskemet HUN"]
[Date "2012.03.25"]
[Round "8"]
[White "Kovacs,Adr"]
[Black "Straubinger,D"]
[Result "1/2-1/2"]
[WhiteElo "2233"]
[BlackElo "2226"]

1.c4 c6 2.Nf3 d5 3.g3 Nf6 4.Bg2 Bf5 5.b3 e6 6.Bb2 Nbd7 7.O-O Be7 8.d3 O-O
9.Nbd2 h6 10.Re1 Bh7 11.Qc2 Rc8 12.Rac1 Qa5 13.Bc3 Bb4 14.Bxb4 Qxb4 15.Qb2 Rfe8
16.a3 Qb6 17.b4 a5 18.Qc3 axb4 19.axb4 Ng4 20.Rf1 Ra8 21.h3 Ngf6 22.Ra1 Qc7
23.Rxa8 Rxa8 24.Ra1 Qb8 25.Qb2  1/2-1/2

[Event "13th EICC"]
[Site "Plovdiv BUL"]
[Date "2012.03.25"]
[Round "6.25"]
[White "Sargissian,G"]
[Black "Banusz,T"]
[Result "1/2-1/2"]
[WhiteElo "2674"]
[BlackElo "2583"]

1.c4 c6 2.e4 d5 3.exd5 cxd5 4.d4 Nf6 5.Nc3 Nc6 6.Bg5 e6 7.Nf3 Be7 8.c5 Ne4
9.Bxe7 Qxe7 10.Rc1 O-O 11.Bb5 Nxc3 12.Rxc3 e5 13.dxe5 Nxe5 14.Nxe5 Qxe5+
15.Qe2 Qg5 16.O-O d4 17.Rcc1 Be6 18.a3 a6 19.Bd3 Bd5 20.f4 Qh6 21.Qg4 Rfe8
22.Rfe1 Qc6 23.b4 Be4 24.Rxe4 Rxe4 25.Bxe4 Qxe4 26.Qf3 f5 27.Kf2 Re8 28.Qxe4 fxe4
29.Ke2 Kf7 30.c6 bxc6 31.Rxc6 Re6 32.Rc7+ Re7 33.Rc6 Re6 34.Rc5 Rg6 35.g3 Rh6
36.h4 Rg6 37.Rf5+ Kg8 38.Rg5 Rc6 39.Re5 Rc2+ 40.Kd1 Rc3 41.Rxe4 Rxa3 42.g4 a5
43.bxa5 Rxa5 44.Rxd4 h5 45.g5 Kf7 46.Rd7+ Kg6 47.Ke2 Kf5 48.Rxg7 Kxf4 49.Rf7+ Kg4
50.Rf1 Ra6 51.Rg1+ Kf5 52.Kf2 Ra4 53.Rg2 Ra2+ 54.Kg3 Ra3+ 55.Kh2 Ra4 56.Kh3 Ra3+
57.Rg3 Ra6 58.Rf3+ Kg6 59.Kg3 Rb6 60.Rc3 Kf5 61.Ra3 Rc6 62.Ra5+ Kg6 63.Ra4 Kf5
64.Rf4+ Kg6 65.Kf3 Rc3+ 66.Ke4 Rh3 67.Kd4 Kg7 68.Ke5 Kg6 69.Ke4 Ra3 70.Rf6+ Kg7
71.Re6 Rh3 72.Ra6 Rxh4+ 73.Kf5 Rb4 74.Ra7+ Kg8 75.g6 h4 76.Kf6 Rb6+ 77.Kg5 h3
78.Kh6 Rb8 79.Rg7+ Kh8 80.Rh7+ Kg8 81.Rg7+ Kh8  1/2-1/2

[Event "13th EICC"]
[Site "Plovdiv BUL"]
[Date "2012.03.27"]
[Round "7.62"]
[White "Markowski,T"]
[Black "Guliyev,N"]
[Result "1/2-1/2"]
[WhiteElo "2612"]
[BlackElo "2532"]

1.c4 c6 2.Nf3 d5 3.d4 Nf6 4.Qb3 dxc4 5.Qxc4 Bg4 6.Nbd2 Nbd7 7.g3 e6 8.Bg2 Be7
9.O-O O-O 10.b3 Rc8 11.Bb2 b5 12.Qd3 Qb6 13.a4 a6 14.axb5 axb5 15.Rfc1 Rfd8
16.e3 c5 17.Qc3 Nd5 18.Qa5 Qxa5 19.Rxa5 cxd4 20.Rxc8 Rxc8 21.Bxd4 Rc1+ 22.Bf1 Bh3
23.Rxb5 g5 24.Ra5 g4 25.Ra8+ Nf8 26.Ne5 f6 27.Nec4 Bxf1 28.Nxf1 e5 29.Bb2 Rd1
30.Kg2 Rd3 31.e4 Nc7 32.Rc8 Ne6 33.Nfe3 h5 34.Rb8 Kf7 35.Nf5 Ng6 36.Bc1 Nc5
37.Nxe7 Nxe7 38.Ba3 Rxb3 39.Rd8 Rc3 40.Nd6+ Kg6 41.Bxc5 Rxc5 42.Rd7 Rc6 43.h4 Ra6
44.Kf1 Ra1+ 45.Ke2 Ra6 46.Ke3 Ra3+ 47.Kd2 Ra4 48.Rxe7  1/2-1/2

[Event "ch-Urals Men 2012"]
[Site "Satka RUS"]
[Date "2012.03.27"]
[Round "4"]
[White "Gorbushin,M"]
[Black "Fatkhutdinov,G"]
[Result "0-1"]
[WhiteElo "2198"]
[BlackElo "2334"]

1.c4 c6 2.e4 d5 3.exd5 cxd5 4.cxd5 Nf6 5.Qa4+ Nbd7 6.Nc3 g6 7.Nf3 Bg7 8.Bc4 O-O
9.Qb3 Nc5 10.Qa3 Nce4 11.O-O Bf5 12.Qb3 Rc8 13.d3 Nxc3 14.bxc3 Nxd5 15.d4 Bc2
16.Qxc2 Rxc4 17.Bb2 Qc7 18.Rac1 Rc8 19.Nd2 Rxd4 20.c4 Rh4 21.g3 Nb4 22.Qb3 Bxb2
23.Rb1 Rh5 24.Rxb2 Nc6 25.Qxb7 Ra5 26.Qxc7 Rxc7 27.Rc1 Kg7 28.Kf1 h5 29.h4 Ra3
30.Nb1 Ra5 31.Nd2 Ra4 32.Rc3 Rd7 33.Ke1 Nb4 34.Ne4 Nxa2 35.Re3 Rc7 36.c5 Nb4
37.Nc3 Ra1+ 38.Ke2 a5 39.Ne4 e6 40.Rf3 e5 41.Nd6 Kf8 42.Nc4 Rxc5 43.Nd6 Rc7
44.Rd2 Nc6 45.Nb5 Rb7 46.Rb3 Rc1 47.Rbb2 a4 48.Na3 Nd4+ 49.Kd3 Rd7 50.Ke4 Re1+  0-1

[Event "European Senior Teams 2012"]
[Site "Rogaska Slatina SLO"]
[Date "2012.03.28"]
[Round "2.2"]
[White "Garriga Nualart,J"]
[Black "Klundt,K"]
[Result "1/2-1/2"]
[WhiteElo "2319"]
[BlackElo "2378"]

1.c4 c6 2.Nc3 d5 3.cxd5 cxd5 4.d4 Nf6 5.Bf4 Nc6 6.Nf3 Bf5 7.e3 e6 8.Bd3 Bxd3
9.Qxd3 Bd6 10.O-O O-O 11.a3 Rc8 12.b4 Bxf4 13.exf4 Qc7 14.Ne2 Qb6 15.Rac1 a5
16.b5 Na7 17.a4 Rxc1 18.Rxc1 Rc8 19.Rxc8+ Nxc8 20.Qc3 Nd6 21.Qc5 Nd7 22.Qc2 g6
23.Ne5 Nxe5 24.fxe5 Nc4 25.h4 Qd8 26.g3 Qe7 27.Qc1 f6 28.exf6 Qxf6 29.Nf4 Kf7
30.Qc3 Qf5 31.Nd3 Ke7 32.Ne5 Qb1+ 33.Kg2 Qb2 34.Qf3 Nxe5 35.dxe5 Qxe5 36.Qa3+ Kd7
37.Qf8 Qd6 38.Qg7+ Qe7 39.Qc3 Qb4 40.Qg7+ Qe7  1/2-1/2

[Event "European Senior Teams 2012"]
[Site "Rogaska Slatina SLO"]
[Date "2012.03.28"]
[Round "2.2"]
[White "Uhlmann,W"]
[Black "Rodriguez Vargas,O"]
[Result "1-0"]
[WhiteElo "2358"]
[BlackElo "2403"]

1.c4 c6 2.d4 d5 3.e3 Nf6 4.Nc3 e6 5.Qc2 Nbd7 6.Bd2 b6 7.Nf3 Bb7 8.Bd3 Bd6
9.cxd5 exd5 10.e4 dxe4 11.Nxe4 Be7 12.O-O O-O 13.Ne5 c5 14.Nxd7 Nxd7 15.dxc5 Ne5
16.Nd6 Nxd3 17.Nxb7 Qd5 18.Be3 Ne5 19.Nd6 Qd3 20.Qa4 Qg6 21.Rfd1 bxc5 22.Bxc5 Nd3
23.Qd7 Bf6 24.Nb7 Nxc5 25.Nxc5 Bxb2 26.Rab1 Bf6 27.Qb7 Rfe8 28.Nd7 Be7 29.g3 a5
30.Nb8  1-0

[Event "European Senior Teams 2012"]
[Site "Rogaska Slatina SLO"]
[Date "2012.03.28"]
[Round "2.4"]
[White "Raicevic,M"]
[Black "White,A"]
[Result "1-0"]
[WhiteElo "2372"]
[BlackElo "2097"]

1.c4 c6 2.e4 d5 3.cxd5 Nf6 4.Nc3 cxd5 5.exd5 Nxd5 6.Bc4 e6 7.Nf3 Be7 8.O-O O-O
9.d4 Nxc3 10.bxc3 Nd7 11.Bd3 Bf6 12.Bf4 Re8 13.Re1 Nf8 14.Rb1 a6 15.Ne5 Ng6
16.Nxg6 hxg6 17.Qb3 b5 18.Be4 Ra7 19.a4 Bd7 20.axb5 axb5 21.h3 Ra4 22.Bd3 Qa5
23.Bd6 Be7 24.Bxe7 Rxe7 25.Rec1 e5 26.d5 e4 27.Bxb5 Bxb5 28.Qxb5 Qxb5 29.Rxb5 Rc4
30.Rb8+ Kh7 31.Rb4 Rxb4 32.cxb4 Rd7 33.Rc5 f5 34.b5 Rd6 35.Kf1 Kh6 36.Ke2 f4
37.Kd2 Kg5 38.Kc3 Kf5 39.Kd4 g5 40.Rc6 Rd8 41.b6 Rd7 42.Re6 Rb7 43.Kc5 Rb8
44.Re7 Rc8+ 45.Rc7 Re8 46.b7 e3 47.fxe3 fxe3 48.Rc8  1-0

[Event "13th EICC"]
[Site "Plovdiv BUL"]
[Date "2012.03.29"]
[Round "9.69"]
[White "Berescu,A"]
[Black "Ernst,S"]
[Result "0-1"]
[WhiteElo "2494"]
[BlackElo "2578"]

1.c4 c6 2.Nf3 d5 3.g3 Nf6 4.Bg2 dxc4 5.O-O Nbd7 6.Na3 Nb6 7.Qc2 Qd5 8.Ne1 Qd4
9.e3 Qg4 10.e4 g6 11.Nxc4 Nxc4 12.Qxc4 Bg7 13.f3 Qe6 14.Qxe6 Bxe6 15.d4 O-O
16.Be3 Ne8 17.Nd3 Nd6 18.Rfd1 Rfd8 19.Nf4 Nc4 20.Bf2 Bd7 21.Bf1 Nxb2 22.Rdb1 Na4
23.Rxb7 c5 24.Rc1 cxd4 25.Rcc7 Nb6 26.Nd5 Nxd5 27.Rxd7 Rxd7 28.Rxd7 Ne3 29.Ba6 Rb8
30.Bb7 Nc4 31.f4 d3 32.e5 d2 33.Bf3 Bxe5 34.Bxa7 Rb1+ 35.Kf2 Bd6 36.Bd4 f6
37.Rd8+ Kg7 38.Rc8 Na3  0-1

[Event "13th EICC"]
[Site "Plovdiv BUL"]
[Date "2012.03.29"]
[Round "9.122"]
[White "Enchev,I"]
[Black "Dobre,ClC"]
[Result "0-1"]
[WhiteElo "2432"]
[BlackElo "2334"]

1.c4 c6 2.e4 e5 3.d4 Bb4+ 4.Bd2 Bxd2+ 5.Qxd2 d6 6.Nc3 Ne7 7.O-O-O Qc7 8.f4 exf4
9.Qxf4 Na6 10.Nf3 O-O 11.Bd3 Rb8 12.Rhf1 f6 13.Qh4 h6 14.Qh5 b5 15.e5 Nb4
16.Bb1 bxc4 17.exf6 Rxf6 18.Ng5 Bf5 19.Nce4 Rff8 20.g4 Bg6 21.Qh4 Rxf1 22.Rxf1 Nd3+
23.Bxd3 cxd3 24.Ne6 Qb7 25.Qf2 d2+ 26.Qxd2 Bxe4 27.b3 Nd5 28.Re1 Bg6 29.g5 Qb4  0-1

[Event "17th Metropolitan IM"]
[Site "Los Angeles USA"]
[Date "2012.03.30"]
[Round "4"]
[White "Amanov,Z"]
[Black "Sevian,Samuel"]
[Result "1-0"]
[WhiteElo "2404"]
[BlackElo "2223"]

1.c4 c6 2.Nf3 Nf6 3.g3 d5 4.Bg2 Bf5 5.O-O e6 6.cxd5 exd5 7.d3 h6 8.Nc3 Be7
9.Nd4 Bh7 10.e4 dxe4 11.dxe4 Nbd7 12.Qe2 O-O 13.e5 Nd5 14.Nxd5 cxd5 15.Rd1 Nb6
16.a4 a5 17.Nb5 Rc8 18.Be3 Rc2 19.Rd2 Rxd2 20.Bxd2 Nd7 21.Bxd5 Nc5 22.Nc3 Nd3
23.Be3 Bb4 24.Bxb7 Bxc3 25.bxc3 Qc7 26.Bg2 Qxc3 27.Rd1 Qxe5 28.Rxd3 Bxd3
29.Qxd3 Qa1+ 30.Bf1 Qxa4 31.Qf5 Rd8 32.Be2 Qa1+ 33.Kg2 Qc3 34.Bf3 a4 35.Bb6 Rb8
36.Ba7 Rd8 37.Bb6 Rb8 38.Ba5 Qf6 39.Qc5 Re8 40.Bc3 Qg6 41.Qb5 Rc8 42.Bb2 Qc2
43.Qe5 Qg6 44.h4 Rd8 45.Qa5 Rb8 46.Ba1 f6 47.Qxa4 Kh8 48.Qf4 Re8 49.Bc6 Rf8
50.Qd6 Rg8 51.Qe6 Rd8 52.Bc3 Qd3 53.Bb4 Qg6 54.Be7 Rg8 55.g4 Qb1 56.Be4 Qb5
57.Bxf6 h5 58.Bd4  1-0

[Event "13th EICC"]
[Site "Plovdiv BUL"]
[Date "2012.03.30"]
[Round "10.25"]
[White "Durarbayli,V"]
[Black "Saric,Iv"]
[Result "1-0"]
[WhiteElo "2543"]
[BlackElo "2649"]

1.c4 c6 2.e4 g6 3.Nc3 Bg7 4.g3 a6 5.Bg2 b5 6.c5 d6 7.cxd6 exd6 8.d4 Nf6 9.Nge2 O-O
10.O-O Re8 11.a3 Bb7 12.Bf4 Nh5 13.Be3 Nd7 14.Qc2 Nb6 15.Rad1 a5 16.e5 Qd7
17.Ne4 Nc4 18.Bg5 dxe5 19.b3 Nxa3 20.Qc1 b4 21.dxe5 Qg4 22.f3 Qe6 23.g4 Qxe5
24.gxh5 Ba6 25.Rf2 a4 26.hxg6 hxg6 27.f4 Qb2 28.Qxb2 Bxb2 29.Nd4 Bxd4 30.Rxd4 axb3
31.Nf6+ Kf8 32.Nxe8 Nc2 33.Bh6+ Kxe8 34.Bxc6+ Ke7 35.Re4+ Kf6 36.Bxa8 Bd3
37.Bf8 Kf5 38.Rxb4  1-0

[Event "European Senior Teams 2012"]
[Site "Rogaska Slatina SLO"]
[Date "2012.03.30"]
[Round "4.1"]
[White "Uhlmann,W"]
[Black "Ivanovic,B"]
[Result "1/2-1/2"]
[WhiteElo "2358"]
[BlackElo "2412"]

1.c4 c6 2.d4 d5 3.Nc3 Nf6 4.e3 e6 5.Qc2 Nbd7 6.Bd2 Be7 7.Nf3 O-O 8.Bd3 dxc4
9.Bxc4 c5 10.O-O a6 11.a4 b6 12.dxc5 Bxc5 13.Ne4 Bb7 14.Nxc5 Nxc5 15.Bc3 Rc8
16.Qe2 a5 17.Rfd1 Qe7 18.Be5 Rfd8 19.Nd4 Ncd7 20.Bg3 Ne4 21.Ba6 Nxg3 22.hxg3 Nc5
23.Bxb7 Qxb7 24.Qb5 Rd5 25.Ne2 Nd3 26.Qb3 Nc5 27.Qc4 Ne4 28.Rxd5 exd5 29.Qb5 Kf8
30.Rd1 Rc5 31.Qd3 Qc6 32.f3 Nf6 33.Nc3 h6 34.g4 Kg8 35.Qd4 Qe6 36.b3 Qc6
37.Rd3 Qc7 38.Kf2 Kh7 39.Ne2 Rc2 40.Rc3 Rxc3 41.Nxc3 Qc6 42.Qd3+ Kg8 43.Ne2 Qc7
44.Ng3 g6 45.Ne2 Kf8 46.Qd2 Ke7 47.Qb2 Qd6 48.Qd4 Kf8 49.e4 Qc5 50.e5 Nd7
51.f4 Ke7 52.Kf3 f6 53.exf6+ Nxf6 54.Qe5+ Kf7 55.f5 Qf2+ 56.Kxf2 Nxg4+ 57.Kg3 Nxe5
58.Nf4 gxf5 59.Nxd5 Nd7 60.b4 axb4 61.Nxb4 Ke6 62.Kf4 Nf6 63.Nc6 Nd5+ 64.Kf3 h5
65.Nd4+ Ke5 66.Nb3 Nb4 67.a5 bxa5  1/2-1/2

[Event "European Senior Teams 2012"]
[Site "Rogaska Slatina SLO"]
[Date "2012.03.30"]
[Round "4.9"]
[White "Garriga Nualart,J"]
[Black "Hallerod,R"]
[Result "1-0"]
[WhiteElo "2319"]
[BlackElo "2102"]

1.c4 c6 2.e4 d5 3.e5 Bf5 4.d4 dxc4 5.Bxc4 e6 6.Nc3 Bb4 7.Qb3 a5 8.a3 Bxc3+
9.bxc3 b5 10.Be2 Be4 11.Nf3 a4 12.Qb2 Nd7 13.O-O Ne7 14.Bg5 h6 15.Bxe7 Qxe7
16.Nd2 Bd5 17.c4 bxc4 18.Nxc4 O-O 19.Ne3 Rfb8 20.Qc1 Qd8 21.Rd1 Qa5 22.f4 Rb3
23.f5 Qc3 24.Nxd5 cxd5 25.Qxc3 Rxc3 26.fxe6 fxe6 27.Rdb1 Rb3 28.Bd1 Rbb8
29.Kf2 Nb6 30.Rb4 Rf8+ 31.Kg3 Nc4 32.Bxa4 Rf7 33.Bc2 Rxa3+ 34.Rxa3 Nxa3 35.Rb8+ Rf8
36.Bh7+ Kxh7 37.Rxf8 Nc2 38.Rf4 g5 39.Rf6 Nxd4 40.Kg4 Kg7 41.Kh5 Ne2 42.g3 Nd4
43.Rg6+ Kf7 44.Rxh6 Nc6 45.Rf6+ Ke7 46.Kxg5 Nxe5 47.Rf1 d4 48.h4 Nf7+ 49.Kg6 Ne5+
50.Kg7 Ng4 51.h5 e5 52.h6 Nxh6 53.Kxh6 d3 54.Kg5 Ke6 55.Rd1  1-0

[Event "TCh-NED Meesterklasse 2011-12"]
[Site "Netherlands NED"]
[Date "2012.03.31"]
[Round "8.10"]
[White "Lode,P"]
[Black "Beerdsen,Thomas"]
[Result "1/2-1/2"]
[WhiteElo "2054"]
[BlackElo "2019"]

1.c4 c6 2.b3 d5 3.e3 e5 4.Bb2 Bd6 5.d3 Nf6 6.g3 O-O 7.Ne2 Bf5 8.a3 Nbd7 9.b4 Qb6
10.Nbc3 dxc4 11.dxc4 c5 12.b5 e4 13.Nd5 Nxd5 14.Qxd5 Be6 15.Qxe4 Qa5+ 16.Bc3 Qa4
17.Rd1 Be7 18.Rxd7 Bxd7 19.Qxe7 Rad8 20.f3 Qxc4 21.Bxg7 Kxg7 22.Qg5+  1/2-1/2

[Event "13th EICC"]
[Site "Plovdiv BUL"]
[Date "2012.03.31"]
[Round "11.58"]
[White "Erdos,V"]
[Black "Prohaszka,P2"]
[Result "1/2-1/2"]
[WhiteElo "2631"]
[BlackElo "2553"]

1.c4 c6 2.Nf3 d5 3.d4 Nf6 4.Nc3 dxc4 5.a4 Bf5 6.Ne5 e6 7.f3 c5 8.e4 Bg6 9.Be3 cxd4
10.Qxd4 Qxd4 11.Bxd4 Nfd7 12.Nxd7 Nxd7 13.Bxc4 a6 14.Rc1 Rg8 15.h4 h5 16.Ne2 Bd6
17.Be3 Ne5 18.Nf4 Rc8 19.Bb3 Rxc1+ 20.Bxc1 Ke7 21.Ke2 Rb8 22.Rd1 b5 23.axb5 Rxb5
24.Ba4 Rb7 25.b3 f6 26.Rxd6 Kxd6 27.Ba3+ Kc7 28.Nxe6+ Kc8 29.Bf8 Bf7 30.Nc5 Ra7
31.Bd6 Nd7 32.Nxd7 Rxd7 33.Bxd7+ Kxd7 34.Bf8 g6 35.b4 Bc4+ 36.Ke3 Ke6 37.g4 Bf1
38.Bc5 Bb5 39.Bb6 Bf1 40.Bd8 Bb5 41.Kf4 Bd3 42.Bc7 Bc2 43.e5 hxg4 44.fxg4 g5+
45.hxg5 fxe5+ 46.Bxe5 Kf7 47.Ba1  1/2-1/2

[Event "35th San Sebastian Open"]
[Site "Donostia ESP"]
[Date "2012.04.01"]
[Round "3"]
[White "Andres Gonzalez,A"]
[Black "Vishnu,P"]
[Result "1-0"]
[WhiteElo "2525"]
[BlackElo "2406"]

1.c4 c6 2.d4 d5 3.Nf3 Nf6 4.Qc2 dxc4 5.e3 b5 6.a4 a6 7.Nbd2 Bb7 8.b3 cxb3
9.Nxb3 Nbd7 10.Bd2 e6 11.Bd3 Be7 12.O-O O-O 13.Na5 Qb6 14.Ne5 Kh8 15.Nxb7 Qxb7
16.Qxc6 Rab8 17.Qxb7 Rxb7 18.Nc6 Bd6 19.Rfb1 Rc8 20.axb5 axb5 21.Na7 Re8
22.Rxb5 Rxb5 23.Bxb5 e5 24.Ra6 Bb8 25.Nc6 exd4 26.exd4 Kg8 27.g3 h6 28.Kg2 Bd6
29.Na5 Bb8 30.Nc4 Rd8 31.Ba5 Rc8 32.Ra8 Nf8 33.Nd6 Bxd6 34.Rxc8 Nd5  1-0

[Event "Final 4 of College Chess 2012"]
[Site "Herndon USA"]
[Date "2012.04.01"]
[Round "3"]
[White "Diamant,A"]
[Black "Holt,C"]
[Result "1/2-1/2"]
[WhiteElo "2504"]
[BlackElo "2499"]

1.c4 c6 2.e4 d5 3.exd5 cxd5 4.d4 Nf6 5.Nc3 e6 6.Nf3 Bb4 7.cxd5 Nxd5 8.Bd2 Nc6
9.Bd3 O-O 10.O-O Be7 11.Nxd5 exd5 12.Qb3 Bf6 13.Bc3 Rb8 14.Rfe1 Be6 15.Qc2 h6
16.Ne5 Bxe5 17.dxe5 Qb6 18.Qe2 Rfe8 19.Rad1 d4 20.Bd2 Bxa2 21.Qe4 g6 22.Qf4 Qc5
23.Rc1 Qf8 24.Qg3 Qg7 25.f4 Be6 26.Be4 Bf5 27.Bd5 Red8 28.Qf3 d3 29.Bxc6 bxc6
30.b4 Qf8 31.Rxc6 Rxb4 32.e6 Bxe6 33.Rcxe6 fxe6 34.Qg4 Rb6 35.Qxg6+ Qg7 36.Qh5 Rb2
37.Rxe6 Rb6 38.Re3 Rg6 39.Qf3 Qa1+ 40.Re1 Qb2 41.Qf2 Qd4 42.Re8+ Kf7 43.Rxd8 Qxd8
44.Qxa7+ Kg8 45.Qa2+ Kh7 46.Qf7+ Rg7 47.Qf5+ Kh8 48.Qe5 Qb6+ 49.Kf1 Qc6 50.Bc3 Qxg2+
51.Ke1 Qg1+ 52.Kd2 Qxh2+ 53.Kxd3 Qg3+ 54.Ke2 Qg4+ 55.Ke1 Qg1+ 56.Ke2 Qg2+
57.Ke1  1/2-1/2

[Event "5th Pedro Montalvo"]
[Site "Las Palmas ESP"]
[Date "2012.04.04"]
[Round "3"]
[White "Gutierrez Olivares,D"]
[Black "Recuero Guerra,D"]
[Result "1-0"]
[WhiteElo "2281"]
[BlackElo "2467"]

1.c4 c6 2.Nf3 d5 3.g3 dxc4 4.Qc2 Be6 5.Bg2 Nf6 6.Ng5 Bd5 7.e4 h6 8.Nh3 Be6
9.Nf4 Bc8 10.Qxc4 e5 11.Nd3 Bd6 12.Qc3 O-O 13.O-O Re8 14.Na3 b5 15.Nc2 a5
16.Ne3 Bc7 17.b3 Qd4 18.Qxd4 exd4 19.Nc2 Bb6 20.Bb2 Ra7 21.Rfe1 Rd8 22.Bf1 Na6
23.a4 Be6 24.axb5 cxb5 25.Ne5 Rc7 26.Na3 Nb4 27.Rac1 Rxc1 28.Bxc1 Bxb3 29.Bxb5 d3
30.Nac4 Bd4 31.Bb2 Bxb2 32.Nxb2 Nc2 33.Rc1 Nxe4 34.Bxd3 Nd4 35.Ra1 Nxd2 36.Rxa5 f6
37.Bc4+ Nxc4 38.Nexc4 Rc8 39.Ne3 Be6 40.Kg2 Bg4  1-0

[Event "European Senior Teams 2012"]
[Site "Rogaska Slatina SLO"]
[Date "2012.04.04"]
[Round "9.15"]
[White "Thornton,J"]
[Black "Hellwege,W"]
[Result "1-0"]
[WhiteElo "2036"]
[BlackElo "2029"]

1.c4 c6 2.g3 d5 3.Bg2 Nf6 4.Nf3 Nbd7 5.cxd5 cxd5 6.d4 Ne4 7.O-O e6 8.Qc2 Bd6
9.Bd2 O-O 10.Nc3 Nxd2 11.Qxd2 Nf6 12.Rac1 Bd7 13.Ne5 Bxe5 14.dxe5 Ng4 15.Qd4 Qg5
16.h4 Qg6 17.e4 Qh5 18.exd5 Nxe5 19.Qd1 Qxd1 20.Rfxd1 exd5 21.Rxd5 f6 22.f4 Bc6
23.fxe5 Bxd5 24.Bxd5+ Kh8 25.e6 Rfe8 26.Re1 Re7 27.Bb3 Rb8 28.Kf2 b5 29.Rd1 g6
30.Rd6 Kg7 31.Nd5 Reb7 32.e7 f5 33.Rd8  1-0

[Event "5th Pedro Montalvo"]
[Site "Las Palmas ESP"]
[Date "2012.04.05"]
[Round "4"]
[White "Strikovic,A"]
[Black "Vega Gutierrez,S"]
[Result "0-1"]
[WhiteElo "2559"]
[BlackElo "2323"]

1.c4 c6 2.Nf3 d5 3.e3 Nf6 4.Nc3 e6 5.b3 Nbd7 6.Qc2 Bd6 7.Bb2 O-O 8.Be2 Qe7
9.g4 Nxg4 10.Rg1 Ngf6 11.Ng5 h6 12.h4 Re8 13.O-O-O Nf8 14.Nf3 e5 15.cxd5 cxd5
16.Nb5 Bd7 17.Nxd6 Qxd6 18.Kb1 Rac8 19.Bc3 b5 20.Qb2 d4 21.exd4 e4 22.d5 Rxc3
23.dxc3 exf3 24.Bxf3 Qf4 25.Rg3 Ne4 26.Bxe4 Qxe4+ 27.Ka1 Qxh4 28.c4 Ng6 29.c5 Bg4
30.Rdg1 Re2 31.Qd4 h5 32.c6 Qd8 33.Re3 Rxe3 34.fxe3 Ne7 35.c7 Qxc7 36.d6 Qd7
37.dxe7 Qxe7 38.e4 f6 39.Kb1 Bf3 40.Re1 Qe5 41.Qd3 Bg4 42.Rg1 Kh7 43.Rf1 a5
44.Qd5 h4 45.Kc2 Qh2+ 46.Qd2 Qc7+ 47.Kd3 b4 48.Rf4 g5 49.Rf2 h3 50.Ke3 Qg3+
51.Kd4 Qe5+ 52.Ke3 Be6 53.Rf1 Qg3+ 54.Rf3 Qg1+ 55.Qf2 h2  0-1

[Event "Semana Santa LAB Open"]
[Site "Bogota COL"]
[Date "2012.04.06"]
[Round "5"]
[White "Arenas,D"]
[Black "Mercado,Lu"]
[Result "1-0"]
[WhiteElo "2423"]
[BlackElo "2075"]

1.c4 c6 2.d4 d5 3.Nf3 Nf6 4.g3 Bf5 5.Bg2 e6 6.O-O Be7 7.Nbd2 O-O 8.b3 Ne4
9.Bb2 Nd7 10.Ne1 Nxd2 11.Qxd2 Nf6 12.Nd3 Qb6 13.c5 Qc7 14.f3 Rad8 15.b4 a5
16.bxa5 Bxd3 17.exd3 Ra8 18.Bc3 Ra7 19.Rab1 Rfa8 20.f4 Qd7 21.Bh3 g6 22.Rb6 Bd8
23.Qe1 Bxb6 24.cxb6 Ra6 25.Bb4 Ne8 26.g4 Ng7 27.Qe5 Re8 28.Bg2 Raa8 29.Rf3 f5
30.g5 Ra6 31.Rh3 Rea8 32.Qe1 Ne8 33.Qc3 Nd6 34.Qc5 Rd8 35.Re3 Nc8 36.h4 Kf7
37.Qc3 Nd6 38.Rh3 Qe8 39.h5 Qg8 40.Qe1 Qg7 41.Qe5 Qxe5 42.dxe5 Ne8 43.d4 Rd7
44.hxg6+ hxg6 45.Rh8 Ra8 46.Bf1 Kg7 47.Rh3 Rf7 48.Rc3 Rd7 49.Kf2 Kf7 50.Kf3 Kg7
51.a4 Kg8 52.a6 bxa6 53.Rxc6 Kf7 54.a5 Rb7 55.Ke3 Rd7 56.Kd2 Rb7 57.Bd6 Rd7
58.Kc3 Nxd6 59.exd6 Ke8 60.Kb4 Kd8 61.Kc5 Rh7 62.Rc7 Rh1 63.b7 Rb8 64.Bxa6 Rc1+
65.Kb6 Rb1+ 66.Ka7  1-0